Statistics for Pittsburgh Penguins Records

Click here to take the quiz!

General Stats

  • This quiz has been taken 66 times
  • The average score is 11 of 18

Answer Stats

RecordHolder% Correct
Most GoalsMario Lemieux-690
100%
Most AssistsMario Lemieux-1,033
95%
Most PointsMario Lemieux-1,723
95%
Points Per GameMario Lemieux-1.88
89%
Most Rookie PointsSidney Crosby-102
77%
Most Games Played(Goalie)Mac-Andre Fleury-691
73%
Most Power Play GoalsMario Lemieux-236
70%
Most WinsMarc-Andre Fleury-375
68%
Most Games PlayedMario Lemieux-915
66%
Most Playoff AssistsSidney Crosby-107
66%
Most Assists by a DefensemanKris Letang-333
61%
Most Game Winning GoalsJaromir Jagr-78
55%
Most Goals by a DefensemanPaul Coffey-108
50%
Most Points by a DefensemanPaul Coffey-440
46%
Best Plus/MinusJaromir Jagr-+207
43%
Most Penalty MinutesKevin Stevens-1,048
30%
Consecutive Games PlayedJordan Staal-358
9%
Shooting PercentagePetr Nedved-19.8%
7%

Score Distribution

Percentile by Number Answered

Percent of People with Each Score

Your Score History

You have not taken this quiz